Aprender a crear su primera web con 100 ejercicios prácticos

সংরক্ষণ করুন:
গ্রন্থ-পঞ্জীর বিবরন
বিন্যাস: অজ্ঞাত
ভাষা:ইংরেজি
প্রকাশিত: Barcelona, España. Marcombo, 2013
সংস্করন:Primera edición
বিষয়গুলি:
ট্যাগগুলো: ট্যাগ যুক্ত করুন
কোনো ট্যাগ নেই, প্রথমজন হিসাবে ট্যাগ করুন!

MARC

LEADER 00000 a2200000 4500
003 CL-VaPUC
005 20250103131002.0
008 211115b2013 ||||| |||| 00| 0 eng d
999 |c 434063  |d 434061 
020 |a 978-84-267-1892-1 
040 |c Pontificia Universidad Católica de Valparaíso 
082 |a 004.678 APR 2013  |2 22 
245 1 |a Aprender a crear su primera web con 100 ejercicios prácticos 
250 |a Primera edición  
260 |a Barcelona, España.  |b Marcombo,  |c 2013 
300 |a 216 páginas  
583 |k Cristina María Rojas Aguilar  |c 20211115 
650 0 |a Páginas web  |x Creación   |9 386845 
942 |2 ddc  |c BK 
952 |0 0  |1 0  |2 ddc  |4 0  |6 004_678000000000000_APR_2013  |7 0  |8 A  |9 579299  |a BIBING  |b BIBING  |d 2021-11-15  |e 15  |g 41224.00  |i 562648K  |o 004.678 APR 2013  |p 562648K  |r 2024-01-25  |t 1  |v 41224.00  |w 2021-11-15  |y BK  |k CCI